Na grzyby - Statystyki

Ogólne statystyki
  • Ten quiz został rozwiązany 255 razy
  • Średni wynik to 7 z 15
Statystyki odpowiedzi
Zagadnienie Odpowiedź % Poprawnych
który z poniższych borowików nie nadaje się do spożycia? borowik wilczy
81%
który z poniższych grzybów może cię zabić? muchomor zielonawy
77%
To już ostatnie pytanie, więc odpowiedź na nie jest banalnie prosta! wilgociomierz promieniak to: grzyb
69%
grzyb który nigdy nie będzie robaczywy pieprznik jadalny
62%
najdroższym sprzedanym grzybem była: trufla biała
54%
wrośniak różnobarwny jest najczęściej wykorzystywany w: medycynie
50%
W Piotrkowicach (okolice Tarnowa, Małopolska) w 1977r. znaleziono grzyba do niedawna uznawanego za największego na świecie. Był nim: siedzuń sosnowy
50%
mleczaj rydz rośnie tylko pod: sosnami
46%
muchomor czerwieniejący jest: jadalny
42%
bardzo śmierdzi, kształtem i kolorem przypomina macki ośmiornicy. Mowa oczywiście o...: okratku australijskim
42%
listopadówką nazywamy: wodnichę późną
42%
borowikiem amerykańskim nazywamy: złotaka wysmukłego
38%
pierwszy atlas grzybów napisał: Pietrandrea Mallioli- Włoch
35%
który z poniższych grzybów nie istnieje koźlarz kamforowy
23%
który z poniższych grzybów znajduje się pod ochroną? (stan na luty 2020r.) szyszkowiec łuskowaty
15%
Nie znaleziono quizów pasujących do podanych kryteriów
Rozkład punktacji
Procent ludzi z każdym wynikiem
Percentyl według liczby udzielonych odpowiedzi
Twoja historia wyników
Nie rozwiązałeś tego quizu